000 00620nam a2200205Ia 4500
003 GCL
008 140319s9999 xx 000 0 eng d
040 _aGCL /
_cGCL
082 0 4 _a624.17
_bT C
100 1 _aTECHNICAL TEACHERS TRAINING INSTITUTE
245 1 0 _aCIVIL ENGINEERING MATERIAL /
_cTECHNICAL TEACHERS TRAINING INSTITUTE
260 _a[S.N] :
_bTATA MCGRAW - HILL PUBLISHING COMPANY LT ،
_c1992
300 _a336 P
490 _aTECHNICAL EDUCATION SERIES
_v0
650 0 4 _aالتحليل الرياضى
650 0 4 _aMATERIALS
650 0 4 _aBUILDINGS
650 0 4 _aCIVIL ENGINEERING
942 _2ddc
_cBK
999 _c20548
_d20548